000 00935nam a2200253Ia 4500
003 GCL
005 20240530101949.0
008 140319s9999 xx 000 0 ara d
040 _aGCL /
_cGCL
082 0 4 _a398.21/
_bك أ
100 1 _aكوملان، ب.
245 1 0 _aالاساطير الاغريقية والرومانية /
_cتاليف ب. كوملان ؛ ترجمة احمد رضا محمد رضا ؛ مراجعة محود خليل النحاس
260 _aالقاهرة :
_bالهيئة المصرية العامة للكتاب ،
_c1992
300 _a367 ص
490 _aالالف كتاب
_v0
650 0 4 _aالفولكلور
650 0 4 _aالادب الشعبى
650 0 4 _aالخرافات
650 0 4 _aخوارق الطبيعة
650 0 4 _aالاساطير
700 0 _aمحمود خليل النحاس
_eمراجع
700 0 _aاحمد رضا محمد رضا
_eمترجم
942 _2ddc
_cBK
999 _c29034
_d29034